Coordinate solid geometry; (Record no. 543868)
[ view plain ]
| 000 -LEADER | |
|---|---|
| fixed length control field | 00580cam a22001452 4500 |
| 082 ## - DEWEY DECIMAL CLASSIFICATION NUMBER | |
| Classification number | 516.23 |
| Author Mark | COR |
| -- | L-2, P-48 |
| 100 1# - MAIN ENTRY--PERSONAL NAME | |
| Personal name | Bell, Robert John Tainsh, |
| 9 (RLIN) | 39368 |
| 245 10 - TITLE STATEMENT | |
| Title | Coordinate solid geometry; |
| Remainder of title | being chapters I-IX of "An elementary treatise on coordinate geometry of three dimensions", |
| Statement of responsibility, etc. | by Robert J.T. Bell ... |
| 260 ## - PUBLICATION, DISTRIBUTION, ETC. | |
| Place of publication, distribution, etc. | London, |
| Name of publisher, distributor, etc. | Macmillan and co., limited, |
| Date of publication, distribution, etc. | 1938. |
| 300 ## - PHYSICAL DESCRIPTION | |
| Extent | 3 p.l., [ix]-xiii, 175, xliii p. |
| Other physical details | diagrs. |
| Dimensions | 22 cm. |
| 526 ## - STUDY PROGRAM INFORMATION NOTE | |
| Program name | 0 |
| Interest level | 0 |
| Reading level | 0 |
| Title point value | 516_230000000000000_COR |
| 650 #0 - SUBJECT ADDED ENTRY--TOPICAL TERM | |
| Topical term or geographic name entry element | Geometry, Analytic |
| General subdivision | Solid. |
| 9 (RLIN) | 39369 |
| 650 #0 - SUBJECT ADDED ENTRY--TOPICAL TERM | |
| Topical term or geographic name entry element | MCE |
| 9 (RLIN) | 379 |
| 942 ## - ADDED ENTRY ELEMENTS (KOHA) | |
| Source of classification or shelving scheme | |
| Koha item type | Book |
| Withdrawn status | Lost status | Source of classification or shelving scheme | Damaged status | Not for loan | Permanent Location | Current Location | Date acquired | Total Checkouts | Full call number | Barcode | Date last seen | Price effective from | Koha item type |
|---|---|---|---|---|---|---|---|---|---|---|---|---|---|
| Military College of Engineering (MCE) | Military College of Engineering (MCE) | 04/04/2014 | 516.23 COR | MCE-29905 | 04/04/2014 | 04/04/2014 | Book |
